| 000 | 00425nam a2200181Ia 4500 | ||
|---|---|---|---|
| 001 | 23034 | ||
| 005 | 20260414150910.0 | ||
| 008 | 260414t2018||||xx |||||||||||||| ||spa|| | ||
| 041 | _aESP | ||
| 082 |
_a624.1771 _bB29 |
||
| 100 |
_aBazán, Enrique _eAUT |
||
| 245 | 0 |
_aDiseño sísmico de edificios _b |
|
| 260 | _c2018 | ||
| 300 |
_a317 páginas : _c28 cm. |
||
| 650 | _a0 | ||
| 654 | _aCIC | ||
| 942 |
_cLIB _dJUS _fJUS _2ddc _n |
||
| 999 |
_c23034 _d23034 |
||